Illinois Cities Quiz Stats

 Plays Quiz Updated Apr 9, 2018

Score 0/20 Timer 06:00
7 Plays Today
Rank City % Correct
1Chicago
99.7%
6Springfield
86.9%
4Rockford
61.8%
7Peoria
61.3%
2Aurora
56.8%
10Champaign
55.9%
5Naperville
52.6%
3Joliet
50.9%
14Evanston
45.8%
12Bloomington
40.8%
Rank City % Correct
16Schaumburg
33.5%
17Decatur
29.1%
13Arlington Heights
28.3%
8Elgin
28.1%
9Waukegan
26.5%
19Skokie
24.6%
11Cicero
22.3%
15Bolingbrook
19.1%
20Orland Park
17.5%
18Palatine
16%

You're not logged in!

Compare scores with friends on all Sporcle quizzes.
OR
Log In

Sporcle TV

Today on Sporcle TV


Watch our educational content, quiz creation guides, and fun videos on Sporcle TV.

Show Comments

Extras

Top Quizzes Today


Score Distribution

Your Account Isn't Verified!

In order to create a playlist on Sporcle, you need to verify the email address you used during registration. Go to your Sporcle Settings to finish the process.

Report this User

Report this user for behavior that violates our Community Guidelines.

Details: